000 00844nam a22002537a 4500
003 UA-OsUOA
001 62337
007 ta
008 20090819b un ||||| |||| 00| 0 ukr d
100 _aАбрикосов О.О.
090 _a744(075.8)
_bА16
942 _cBK
040 _aUA-OsUOA
_bukr
_cUA-OsUOA
_dUA-OsUOA
245 _aКреслення.
_bПосібник для учнів 7 класу семирічної і середньої школи.
300 _a131 с.
955 _a2
041 _aukr
_hМова оригіналу
080 _a744(075.8)
260 _aК.
_bРадянська школа
_c1958
246 3 1 _aЧастина перша.
_n
250 _nВидання четверте.
650 7 _a744 Геометричне креслення. Технічне креслення
_2UDC
999 _c348427
_d348427